000 00448nam a2200133Ia 4500
008 100328s9999 xx 000 0 und d
082 _b60129
100 _aभावे राम.
245 _aकालीमातेच्या मंदिरात.
260 _bआभा.
630 _aकालीमातेच्या मंदिरात.
730 _aकालीमातेच्या मंदिरात.
942 _cBOOK
999 _c546299
_d546296